00665cam a22002172i 4500001001300000003000700013005001700020008004100037020003800078040001800116042000900134084002000143245010900163250001400272260004700286300001800333650001800351650002400369650002400393650003000417CIP114005656YEEZEN20250813143336.0250430s2025 ch e 000 0 chi d a9786264173841q(平裝) :cNT$500 aCIPbchicCIP anbic a419.3332ncsclt10a這樣愛,給世界更多可能c: 北醫大體系國際醫療的熱血行動 /b林惠君, 陳育晟著 a第一版 a臺北市 :b遠見天下文化, c2025.05 a面 ;c公分 72lcstta醫學 72lcstta醫療服務 72lcstta國際交流 72lcstta醫院行政管理